Descubrimiento de un grande secreto del arte en el "Juicio Universal" de Miguel Angel (Record no. 55959)

MARC details
000 -LEADER
campo de control de longitud fija 00660nam a2200169 i 4500
001 - NÚMERO DE CONTROL
campo de control 55959
003 - IDENTIFICADOR DE NÚMERO DE CONTROL
campo de control ES-MaACL
005 - FECHA Y HORA DE LA ÚLTIMA TRANSACCIÓN
campo de control 20230906163245.0
007 - CAMPO FIJO DE DESCRIPCIÓN FÍSICA--INFORMACIÓN GENERAL
campo de control de longitud fija t|
008 - DATOS DE LONGITUD FIJA--INFORMACIÓN GENERAL
campo de control de longitud fija 031001s1956 sp ||||1| spa d
100 1# - ENTRADA PRINCIPAL--NOMBRE DE PERSONA
Nombre de persona Díaz González, Joaquín.
9 (RLIN) 44297
245 10 - MENCIÓN DEL TÍTULO
Título Descubrimiento de un grande secreto del arte en el "Juicio Universal" de Miguel Angel
Resto del título : el perfil colosal de Dante : la imagen inmensa de Cristo muerto /
Mención de responsabilidad, etc. Joaquín Díaz González.
250 ## - MENCION DE EDICION
Mención de edición 2ª ed. aum., mejorada y enriquecida con numerosas lám.
260 ## - PUBLICACIÓN, DISTRIBUCIÓN, ETC.
Lugar de publicación, distribución, etc. Barcelona :
Nombre del editor, distribuidor, etc. [s.n.],
Fecha de publicación, distribución, etc. 1956 (
Fabricante Seix Barral)
300 ## - DESCRIPCIÓN FÍSICA
Extensión 142 p., 31 cm ;
Dimensiones 31 cm.
852 ## - LOCALIZACIÓN
Ubicación ES-MaACL
Número de control de estantería C-11196
Sublocalización o colección R.39163
Holdings
Estatus retirado Estado de pérdida Estado de daño No para préstamo Biblioteca de origen Biblioteca actual Ubicación en estantería Fecha de adquisición Fuente de adquisición Total de préstamos Signatura topográfica completa Código de barras Visto por última vez Precio de reemplazo Tipo de ítem Koha
        Biblioteca del Ateneo de Madrid Biblioteca del Ateneo de Madrid Sala Palomar 17/01/2008     C-11196 1058780 23/02/2023 23/02/2023 Libro impreso